00382nam a2200157Ia 4500003000400000005001700004008004100021020001800062040000900080082002200089100001300111245003400124260004400158300000900202650001300211OSt20210106101620.0190216s9999||||xx |||||||||||||| ||und|| a9788130002019 coclc a894.812301bSUJ/K aSujay, M 0aKoreema Gama Babni /cM Sujay bPoorna Publications,aKozhikode:c2005. a112p aKathakal